[Event "Sao Paulo zt 2.4 (Women) playoff"]
[Site "Sao Paulo"]
[Date "2005.10.28"]
[Round "6"]
[White "Duarte, Tatiana"]
[Black "Zapata, Karen"]
[Result "0-1"]
[WhiteElo "2126"]
[BlackElo "2214"]
[PlyCount "58"]
[EventDate "2005.10.28"]
[EventType "tourn (rapid)"]
[EventRounds "6"]
[EventCountry "BRA"]
[SourceTitle "EXT 2006"]
[Source "ChessBase"]
[SourceDate "2005.11.24"]
[SourceVersion "1"]
[SourceVersionDate "2005.11.24"]
[SourceQuality "1"]

1. e4 e6 2. d4 d5 3. Nc3 Nf6 4. Bg5 Bb4 5. e5 h6 6. Bd2 Bxc3 7. bxc3 Ne4 8. Qg4 g6 9. Bd3 Nxd2 10. Kxd2 c5 11. Nf3 Nc6 12. h4 Qe7 13. h5 g5 14. Rhe1 Bd7 15. Rab1 0-0-0 16. Bb5 Kb8 17. Bxc6 Bxc6 18. Nh2 Rc8 19. Qf3 Qc7 20. Rb2 Qa5 21. Qe3 cxd4 22. Qxd4 Rc7 23. Qb4 Qa6 24. Ng4 Qc4 25. f3 Rhc8 26. Nxh6 Rh8 27. Qd6 Be8 28. Reb1 b6 29. a4 Bxa4 0-1

[Event "BRA-ch sf (Women)"]
[Site "Miguel Pereira"]
[Date "2003.12.??"]
[Round "4"]
[White "Duarte, Tatiana"]
[Black "Chang, Suzana"]
[Result "1/2-1/2"]
[WhiteElo "2126"]
[BlackElo "2132"]
[PlyCount "71"]
[EventDate "2003.12.06"]
[EventType "swiss"]
[EventRounds "5"]
[EventCountry "BRA"]
[SourceTitle "EXT 2022"]
[Source "ChessBase"]
[SourceDate "2021.10.06"]
[SourceVersion "1"]
[SourceVersionDate "2021.10.06"]
[SourceQuality "1"]

1. e4 c5 2. Nf3 e6 3. d4 cxd4 4. Nxd4 Nc6 5. Nc3 Qc7 6. Be2 a6 7. f4 b5 8. Nxc6 dxc6 9. Qd3 Bb7 10. 0-0 Rd8 11. Qg3 h5 12. Be3 c5 13. Bf3 Nf6 14. e5 Nd5 15. Nxd5 Bxd5 16. a4 h4 17. Qf2 b4 18. Be2 h3 19. Bxa6 Bxg2 20. Bb5+ Bc6 21. Bxc6+ Qxc6 22. Qf3 Qxf3 23. Rxf3 Kd7 24. Rd1+ Kc7 25. Rxd8 Kxd8 26. Kf2 f5 27. Ke2 Kd7 28. Kd3 Kc6 29. Kc4 Rh6 30. Rg3 g6 31. Bd2 Be7 32. c3 bxc3 33. Kxc3 Kd5 34. Rd3+ Kc6 35. Kc4 Rh4 36. Kc3 1/2-1/2

[Event "Olympiad Women-35"]
[Site "Bled"]
[Date "2002.10.28"]
[Round "3.2"]
[White "Duarte, Tatiana"]
[Black "Zigangirova, Sofya"]
[Result "0-1"]
[WhiteElo "2130"]
[BlackElo "2241"]
[PlyCount "90"]
[EventDate "2002.10.26"]
[EventType "team-swiss"]
[EventRounds "14"]
[EventCountry "SLO"]
[SourceTitle "EXT 2003"]
[Source "ChessBase"]
[SourceDate "2002.11.25"]
[SourceVersion "1"]
[SourceVersionDate "2002.11.25"]
[SourceQuality "1"]
[WhiteTeam "Brazil (W)"]
[BlackTeam "Kazakhstan (W)"]
[WhiteTeamCountry "BRA"]
[BlackTeamCountry "KAZ"]

1. e4 c5 2. Nf3 e6 3. d4 cxd4 4. Nxd4 Nc6 5. Nb3 Nf6 6. Bd3 Qc7 7. Nc3 a6 8. Qe2 Be7 9. 0-0 0-0 10. a4 b6 11. f4 d6 12. Bd2 Nd7 13. Kh1 Nc5 14. Rae1 Nb4 15. Nd4 Bh4 16. Rd1 Nbxd3 17. cxd3 Bf6 18. Nf3 Bxc3 19. Bxc3 Nxa4 20. Bd4 Bb7 21. Nh4 Qe7 22. Qg4 f6 23. b3 Nc5 24. f5 e5 25. Bxc5 dxc5 26. Rf3 Rfe8 27. Rdf1 Rad8 28. Rh3 Rd6 29. Qh5 Qd7 30. Ng6 hxg6 31. Qh7+ Kf8 32. Qh8+ Kf7 33. fxg6+ Ke6 34. Rxf6+ Kxf6 35. Rf3+ Kxg6 36. Rg3+ Kf6 37. Qh7 Rxd3 38. Rg6+ Ke7 39. Rxg7+ Kd8 40. Rxd7+ Rxd7 41. Qh4+ Kc8 42. h3 Kb8 43. Qf6 Ka7 44. Qg6 Red8 45. h4 Rd4 0-1

[Event "BRA-ch (Women)"]
[Site "Bariri"]
[Date "2001.??.??"]
[Round "3"]
[White "Rizo, Juliana Pastore"]
[Black "Duarte, Tatiana"]
[Result "0-1"]
[WhiteElo "2000"]
[BlackElo "2124"]
[PlyCount "66"]
[EventDate "2001.01.15"]
[EventType "tourn"]
[EventRounds "9"]
[EventCountry "BRA"]
[SourceTitle "CBM 080 Extra"]
[Source "ChessBase"]
[SourceDate "2001.03.08"]
[SourceVersion "1"]
[SourceVersionDate "2001.03.08"]
[SourceQuality "1"]

1. d4 g6 2. Nf3 Bg7 3. e3 f5 4. b3 Nf6 5. Bb2 0-0 6. c4 d6 7. Nc3 e6 8. Rc1 Qe7 9. g3 Nc6 10. Bg2 e5 11. dxe5 dxe5 12. 0-0 Rd8 13. Qe2 e4 14. Nd2 Ne5 15. Rcd1 Nd3 16. Ba1 Be6 17. f3 exf3 18. Nxf3 Nc5 19. Nd4 c6 20. Kh1 Re8 21. Rfe1 Bf7 22. Nxc6 bxc6 23. Bxc6 Rad8 24. Bxe8 Bxe8 25. Rxd8 Qxd8 26. Rd1 Bc6+ 27. Kg1 Qe8 28. Qd2 Nfe4 29. Nxe4 Qxe4 30. Kf2 Qg2+ 31. Ke1 Qh1+ 32. Kf2 Ne4+ 33. Ke2 Qg2+ 0-1

[Event "Capablanca Memorial Mixto 34th"]
[Site "Havana"]
[Date "1999.05.22"]
[Round "13"]
[White "Duarte, Tatiana"]
[Black "Frometa Castillo, Zirka"]
[Result "0-1"]
[WhiteElo "2146"]
[BlackElo "2190"]
[PlyCount "78"]
[EventDate "1999.05.??"]
[EventType "tourn"]
[EventRounds "13"]
[EventCountry "CUB"]
[EventCategory "1"]
[SourceTitle "CBM 070 Extra"]
[Source "ChessBase"]
[SourceDate "1999.07.10"]
[SourceVersion "1"]
[SourceVersionDate "1999.07.10"]
[SourceQuality "1"]

1. e4 g6 2. d4 Bg7 3. Nc3 c6 4. h3 d5 5. Nf3 dxe4 6. Nxe4 Nf6 7. Bd3 Nxe4 8. Bxe4 Nd7 9. c3 0-0 10. Bg5 Qc7 11. Qd2 e5 12. 0-0-0 exd4 13. Nxd4 Nc5 14. Bc2 Ne6 15. Be3 Rd8 16. Kb1 b5 17. Qe2 b4 18. Nxe6 Bxe6 19. c4 Qe5 20. Bb3 Qe4+ 21. Bc2 Qxc4 22. Rxd8+ Rxd8 23. Qxc4 Bxc4 24. Bxa7 Ra8 25. b3 Bd5 26. Bc5 Bxg2 27. Rh2 Bf3 28. h4 Bc3 29. Rh3 Re8 30. Be3 Bg4 31. Rg3 h5 32. Rg1 Kg7 33. Bd1 Bf5+ 34. Bc2 Bxc2+ 35. Kxc2 Re4 36. a4 Rxh4 37. a5 Bd4 38. Bxd4+ Rxd4 39. Rd1 Re4 0-1

[Event "Capablanca Memorial Mixto 34th"]
[Site "Havana"]
[Date "1999.05.18"]
[Round "10"]
[White "Hernandez Alvarez, Tania Regla"]
[Black "Duarte, Tatiana"]
[Result "1-0"]
[WhiteElo "2211"]
[BlackElo "2146"]
[PlyCount "81"]
[EventDate "1999.05.??"]
[EventType "tourn"]
[EventRounds "13"]
[EventCountry "CUB"]
[EventCategory "1"]
[SourceTitle "CBM 070 Extra"]
[Source "ChessBase"]
[SourceDate "1999.07.10"]
[SourceVersion "1"]
[SourceVersionDate "1999.07.10"]
[SourceQuality "1"]

1. e4 c5 2. Nc3 g6 3. g3 Bg7 4. Bg2 Nc6 5. d3 d6 6. Be3 e6 7. Qd2 Nge7 8. f4 Nd4 9. Nf3 Nec6 10. 0-0 0-0 11. Nd1 d5 12. Ne1 b6 13. c3 Nb5 14. e5 Bb7 15. d4 cxd4 16. cxd4 Rc8 17. a4 Nc7 18. b4 Qe7 19. Nd3 f6 20. N1f2 f5 21. Qb2 h6 22. Bd2 Rf7 23. Rfc1 g5 24. Rc2 Bf8 25. Rac1 Nd8 26. b5 Rg7 27. a5 Nf7 28. Kh1 gxf4 29. Nxf4 Ng5 30. Nh5 Rf7 31. Nd3 Ne4 32. a6 Ba8 33. Bb4 Qd7 34. Bxf8 Rfxf8 35. Ndf4 Kf7 36. Bf3 Rfd8 37. Kg2 Ne8 38. g4 Rxc2+ 39. Rxc2 Rc8 40. gxf5 Rxc2+ 41. Qxc2 1-0

[Event "Capablanca Memorial Mixto 34th"]
[Site "Havana"]
[Date "1999.05.07"]
[Round "1"]
[White "Pazos Gambarrotti, Plinio Efrain"]
[Black "Duarte, Tatiana"]
[Result "0-1"]
[WhiteElo "2366"]
[BlackElo "2146"]
[PlyCount "63"]
[EventDate "1999.05.??"]
[EventType "tourn"]
[EventRounds "13"]
[EventCountry "CUB"]
[EventCategory "1"]
[SourceTitle "CBM 070 Extra"]
[Source "ChessBase"]
[SourceDate "1999.07.10"]
[SourceVersion "1"]
[SourceVersionDate "1999.07.10"]
[SourceQuality "1"]

1. e4 c5 2. Nf3 d6 3. d4 cxd4 4. Nxd4 Nf6 5. Nc3 g6 6. Be3 Bg7 7. Bc4 Nc6 8. h3 0-0 9. 0-0 Nxe4 10. Bxf7+ Rxf7 11. Nxe4 Nxd4 12. Bxd4 e5 13. Bc5 d5 14. Nd6 Be6 15. Nxf7 Bxf7 16. c3 b6 17. Be3 d4 18. cxd4 exd4 19. Bf4 d3 20. Qd2 Qd4 21. b3 Bd5 22. Be3 Qe4 23. f3 Qf5 24. Rad1 Bc6 25. Bh6 Be5 26. Qb4 Rc8 27. Qc4+ Kh8 28. Rfe1 g5 29. Qxd3 Qf4 30. Qd8+ Be8 31. Qxc8 Qh2+ 32. Kf1 0-1

[Event "Ciego de Avila Jimenez Memorial 4th"]
[Site "Ciego de Avila"]
[Date "1998.11.??"]
[Round "6"]
[White "Gomez Segura, Adalberto"]
[Black "Duarte, Tatiana"]
[Result "0-1"]
[WhiteElo "2360"]
[BlackElo "2055"]
[PlyCount "66"]
[EventDate "1998.11.01"]
[EventType "tourn"]
[EventRounds "11"]
[EventCountry "CUB"]
[SourceTitle "EXT 2024"]
[Source "ChessBase"]
[SourceDate "2023.10.10"]
[SourceVersion "1"]
[SourceVersionDate "2023.10.10"]
[SourceQuality "1"]

1. d4 Nf6 2. c4 g6 3. Nc3 Bg7 4. e4 d6 5. f3 0-0 6. Bg5 Nc6 7. Nge2 a6 8. Qd2 Rb8 9. Rc1 e5 10. dxe5 dxe5 11. Nd5 Be6 12. g3 Re8 13. Bg2 Nd4 14. Nxd4 exd4 15. 0-0 c6 16. Nf4 Nxe4 17. fxe4 Qxg5 18. Qd3 c5 19. h4 Qe5 20. h5 Bh6 21. Rc2 b5 22. b3 bxc4 23. bxc4 Re7 24. Qa3 Reb7 25. hxg6 hxg6 26. Qxa6 d3 27. Rcf2 Rb6 28. Qa7 Bxc4 29. Kh2 d2 30. Nd5 R6b7 31. Qxc5 Bxf1 32. Rxf1 d1Q 33. Nf6+ Qxf6 0-1

[Event "Ciego de Avila Jimenez Memorial 4th"]
[Site "Ciego de Avila"]
[Date "1998.11.??"]
[Round "10"]
[White "Rivera, Alberto"]
[Black "Duarte, Tatiana"]
[Result "1-0"]
[WhiteElo "2405"]
[BlackElo "2055"]
[PlyCount "131"]
[EventDate "1998.11.01"]
[EventType "tourn"]
[EventRounds "11"]
[EventCountry "CUB"]
[SourceTitle "EXT 2024"]
[Source "ChessBase"]
[SourceDate "2023.10.10"]
[SourceVersion "1"]
[SourceVersionDate "2023.10.10"]
[SourceQuality "1"]

1. d4 Nf6 2. c4 g6 3. Nc3 Bg7 4. e4 d6 5. Nf3 0-0 6. Be2 e5 7. 0-0 Nc6 8. d5 Ne7 9. Ne1 Nd7 10. f3 f5 11. g4 f4 12. h4 Kf7 13. Rf2 Ng8 14. Rh2 Bf6 15. Ng2 a5 16. Bd2 Nc5 17. Be1 Bd7 18. Bf2 b6 19. Ne1 Be7 20. Nc2 Na4 21. Nxa4 Bxa4 22. b3 Bd7 23. Na3 Nf6 24. Nb1 Kg7 25. Nc3 Rf7 26. a3 Qf8 27. Bf1 Qc8 28. Bg2 Qa6 29. Bh3 Qc8 30. Qf1 Kh8 31. g5 Bxh3 32. Qxh3 Qxh3 33. Rxh3 Nd7 34. Nb5 Bd8 35. Kf1 h6 36. h5 gxh5 37. Rxh5 Bxg5 38. Nxc7 Rg8 39. Nb5 Rg6 40. Ke2 Rfg7 41. b4 Bd8 42. Rah1 Kh7 43. R5h2 Rg8 44. Rc1 Be7 45. Rhh1 Ra8 46. Nc7 Ra7 47. Nb5 Ra8 48. bxa5 Rxa5 49. Rb1 Ra4 50. Rb4 Ra8 51. a4 Nc5 52. Nc3 Rg2 53. Rxb6 Nxa4 54. Nxa4 Rxa4 55. Kf1 Rg7 56. c5 Bd8 57. Rxd6 Ra1+ 58. Be1 Ba5 59. Rdxh6+ Kg8 60. Ke2 Rg2+ 61. Kd3 Bxe1 62. d6 Rc1 63. Rh8+ Kg7 64. R1h7+ Kg6 65. Rg8+ Kxh7 66. Rxg2 1-0

[Event "Guines"]
[Site "Guines"]
[Date "1998.??.??"]
[Round "?"]
[White "Duarte, Tatiana"]
[Black "Pujols, Carlos"]
[Result "1/2-1/2"]
[WhiteElo "2055"]
[BlackElo "2255"]
[PlyCount "64"]
[EventDate "1998.??.??"]
[EventType "tourn"]
[EventRounds "9"]
[EventCountry "CUB"]
[SourceTitle "EXT 2003"]
[Source "ChessBase"]
[SourceDate "2002.11.25"]
[SourceVersion "1"]
[SourceVersionDate "2002.11.25"]
[SourceQuality "1"]

1. e4 e5 2. Nf3 Nc6 3. Bb5 f5 4. Nc3 Nd4 5. Bc4 d6 6. d3 Be7 7. Nxd4 exd4 8. Ne2 Bf6 9. Ng3 fxe4 10. Qh5+ g6 11. Qd5 Qe7 12. Nxe4 Be5 13. Bg5 Nf6 14. Bxf6 Bxf6 15. 0-0-0 Be5 16. Rde1 Kf8 17. Nd2 c6 18. Qf3+ Kg7 19. g3 Bd7 20. Qg2 Qd8 21. f4 Bf6 22. Be6 Re8 23. Bxd7 Qxd7 24. Ne4 Qe6 25. Nxf6 Qxf6 26. Qd2 Qf7 27. b3 Qd5 28. Rhf1 Rxe1+ 29. Rxe1 Rf8 30. Re4 Rf7 31. Qf2 c5 32. Qe2 b5 1/2-1/2